Score 0/11 Timer 03:00
5 Plays Today
Hint Answer % Correct
KECACake
98.6%
LEBLYBelly
97.4%
CRIBKBrick
96.9%
REVEFFever
96.5%
XIATTaxi
96.5%
DRACCard
95.8%
GAPESPages
93.5%
TEKCAJJacket
92.5%
WOELMLMellow
81.9%
Word in common with all of the above:Yellow
71.6%
BUSRIMEANSubmarine
43.5%

You're not logged in!

Compare scores with friends on all Sporcle quizzes.
OR
Log In

Sporcle TV

Today on Sporcle TV


Watch our educational content, quiz creation guides, and fun videos on Sporcle TV.

Show Comments

Extras

Top Quizzes Today


Score Distribution

Paid Content

Your Account Isn't Verified!

In order to create a playlist on Sporcle, you need to verify the email address you used during registration. Go to your Sporcle Settings to finish the process.

Report this User

Report this user for behavior that violates our Community Guidelines.

Details: